Managing mixed use developments (Record no. 112647)

MARC details
000 -LEADER
fixed length control field 01086cam a22002295a 4500
001 - CONTROL NUMBER
control field L153689
008 - FIXED-LENGTH DATA ELEMENTS--GENERAL INFORMATION
fixed length control field 110817s2009 xxk f 000 0 eng d
020 ## - INTERNATIONAL STANDARD BOOK NUMBER
International Standard Book Number 9781842195383
035 ## - SYSTEM CONTROL NUMBER
System control number (Sirsi) u153689
041 0# - LANGUAGE CODE
Language code of text/sound track or separate title eng
110 2# - MAIN ENTRY--CORPORATE NAME
Corporate name or jurisdiction name as entry element Royal Institution of Chartered Surveyors
9 (RLIN) 4900
245 00 - TITLE STATEMENT
Title Managing mixed use developments
260 ## - PUBLICATION, DISTRIBUTION, ETC.
Place of publication, distribution, etc. Coventry
Name of publisher, distributor, etc. RICS
Date of publication, distribution, etc. 2009
490 #0 - SERIES STATEMENT
Series statement RICS Information Paper
520 ## - SUMMARY, ETC.
Summary, etc. The new guidance note Managing Mixed Use Developments, 2012, (L158324) is based on this information paper, content and has been expanded significantly.
520 ## - SUMMARY, ETC.
Summary, etc. This information paper is written to address the issues of mixed use buildings and those with a mix of commercial and long leasehold residential flats. It is applicable to properties in England and Wales.
590 ## - LOCAL NOTE (RLIN)
Local note KA
651 #4 - SUBJECT ADDED ENTRY--GEOGRAPHIC NAME
Geographic name ENGLAND AND WALES
690 ## - LOCAL SUBJECT ADDED ENTRY--TOPICAL TERM (OCLC, RLIN)
Topical term or geographic name as entry element PROPERTY-COMMERCIAL PROPERTY-COMMERCIAL PROPERTY MARKET
856 40 - ELECTRONIC LOCATION AND ACCESS
Uniform Resource Identifier <a href="https://www.rics.org/Global/Downloads/Managing_mixed_use_developments_4_1_.pdf">https://www.rics.org/Global/Downloads/Managing_mixed_use_developments_4_1_.pdf</a>
Public note View online for free at www.rics.org (member-only access).
942 ## - ADDED ENTRY ELEMENTS (KOHA)
Suppress in OPAC 0
Holdings
Withdrawn status Lost status Source of classification or shelving scheme Damaged status Not for loan Home library Current library Shelving location Date acquired Total Checkouts Full call number Barcode Date last seen Copy number Price effective from Koha item type
    Dewey Decimal Classification     London London Books 17/08/2011   ONLINE PUBLICATION 153689-1001 06/08/2019 1 06/08/2019 Book